The Farming of India's constitution : (Record no. 136740)

MARC details
000 -LEADER
fixed length control field 00691nam a22002057a 4500
010 ## - LIBRARY OF CONGRESS CONTROL NUMBER
LC control number 527002
035 ## - SYSTEM CONTROL NUMBER
System control number 527002
037 ## - SOURCE OF ACQUISITION
Source of stock number/acquisition Cen Lib / Ret
040 ## - CATALOGING SOURCE
Original cataloging agency DPL
Language of cataloging EN
082 ## - DEWEY DECIMAL CLASSIFICATION NUMBER
Classification number 342.54
Item number IND
245 ## - TITLE STATEMENT
Title The Farming of India's constitution :
Remainder of title Select documents /
Statement of responsibility, etc by B. Shiva Rao
260 ## - PUBLICATION, DISTRIBUTION, ETC. (IMPRINT)
Place of publication, distribution, etc New Delhi
Name of publisher, distributor, etc Indian Institute of Public Administration;
Date of publication, distribution, etc 1968
270 ## - ADDRESS
Address N. M. Tripathi Pvt Ltd
City Bombay
300 ## - PHYSICAL DESCRIPTION
Extent (v 3. 782p)
Other physical details 24cm(hb)
650 ## - SUBJECT ADDED ENTRY--TOPICAL TERM
Topical term or geographic name as entry element Constitutional history -- India -- Sources.
650 ## - SUBJECT ADDED ENTRY--TOPICAL TERM
Topical term or geographic name as entry element Constitutional law -- India.
650 ## - SUBJECT ADDED ENTRY--TOPICAL TERM
Topical term or geographic name as entry element India -- Constitutional history -- Sources.
700 ## - ADDED ENTRY--PERSONAL NAME
Personal name Rao, B. Shiva
942 ## - ADDED ENTRY ELEMENTS (KOHA)
Source of classification or shelving scheme Dewey Decimal Classification
Koha item type English Books
Classification part 342.54
Call number suffix IND
Holdings
Withdrawn status Lost status Source of classification or shelving scheme Materials specified (bound volume or other part) Damaged status Not for loan Home library Current library Date acquired Source of acquisition Total Checkouts Full call number Barcode Date last seen Copy number Price effective from Koha item type
    Dewey Decimal Classification v 3     Central Library Central Library 08/03/2016 Cen Lib/Ret   342.54 IND 527002 08/03/2016 1 08/03/2016 English Books

© Delhi Public Library
Hit Counter
free hit counter